|
|
|
|
| LEADER |
00000nas a22000007i 4500 |
| 001 |
ssj0001072720 |
| 003 |
WaSeSS |
| 005 |
20200512172242.0 |
| 006 |
m d |
| 007 |
cr n |
| 008 |
130215c20099999riumr p s 0 a0eng |
| 010 |
|
|
|a 2013202231
|
| 022 |
|
|
|a 2326-7372
|y 1557-718X
|
| 035 |
|
|
|a (WaSeSS)ssj0001072720
|
| 037 |
|
|
|b University Publications.net, 55 Farm Drive Cumberland, RI 02864-3565
|c $300.00 (single)
|c $3000.00 (subscription)
|
| 040 |
|
|
|a DLC
|b eng
|c DLC
|d DLC
|d OCLCQ
|d DLC
|d CUS
|d U3W
|d OCLCF
|d WaSeSS
|
| 042 |
|
|
|a pcc
|a nsdp
|
| 082 |
0 |
0 |
|a 370
|2 23
|
| 222 |
|
0 |
|a International journal of arts and sciences
|b (Online)
|
| 245 |
0 |
0 |
|a International journal of arts and sciences
|h [electronic resource].
|
| 246 |
3 |
|
|a International journal of arts & sciences
|
| 246 |
3 |
|
|a IJAS
|
| 260 |
|
|
|a Cumberland, RI :
|b University Publications.net
|c 2009-
|
| 310 |
|
|
|a Monthly
|
| 362 |
1 |
|
|a Began with Volume 1, number 1 (2009).
|
| 506 |
|
|
|a License restrictions may limit access.
|
| 588 |
|
|
|a Description based on: Volume 5, number 1 (2012); title from pdf cover (University Publications.net website viewed, February 6, 2013).
|
| 588 |
|
|
|a Latest issue consulted: Volume 5, number 1 (2012); (viewed, February 6, 2013).
|
| 655 |
|
0 |
|a Electronic journals.
|
| 776 |
0 |
8 |
|i Also issued in CD-ROM:
|t International journal of arts & sciences (CD-ROM)
|x 1944-6934
|w (DLC) 2008214241
|w (OCoLC)285282147
|
| 776 |
0 |
8 |
|i Print version:
|t International journal of arts & sciences
|x 1557-718X
|w (DLC) 2005213728
|w (OCoLC)61401442
|
| 856 |
4 |
0 |
|z Full text available from Research Library: 03/25/2011 to present
|u https://search.proquest.com/publication/626342
|